[Event "SLO-ch blind int 11th"]
[Site "Izola"]
[Date "2015.06.09"]
[Round "3"]
[White "Mohammadalizadeh, Erfan"]
[Black "Pockaj, Branko"]
[Result "0-1"]
[WhiteElo "1595"]
[BlackElo "1688"]
[PlyCount "66"]
[EventDate "2015.06.08"]
[EventType "swiss"]
[EventRounds "7"]
[EventCountry "SLO"]
[SourceTitle "EXT 2024"]
[Source "ChessBase"]
[SourceDate "2023.10.10"]
[SourceVersion "1"]
[SourceVersionDate "2023.10.10"]
[SourceQuality "1"]

1. d4 Nf6 2. Nf3 e6 3. e3 b6 4. Bd3 Bb7 5. Nbd2 c5 6. 0-0 Be7 7. b3 cxd4 8. exd4 0-0 9. Bb2 d5 10. Ne5 Nc6 11. a3 Rc8 12. f4 Qc7 13. Ndf3 Ne4 14. Qe2 Nd8 15. c4 f6 16. Ng4 Qxf4 17. Nfe5 Qd2 18. Nf3 Qxe2 19. Bxe2 Rc7 20. Ne3 Nf7 21. cxd5 exd5 22. Nf5 Bd8 23. Rac1 Rxc1 24. Rxc1 Nfd6 25. Ne3 Re8 26. Rc2 Re7 27. Kf1 Kf7 28. Ke1 Rc7 29. Rxc7+ Bxc7 30. g3 g6 31. Ng2 Nf5 32. g4 Ne7 33. Nf4 Bxf4 0-1